History of the British steel industry (Record no. 361641)

000 -LEADER
fixed length control field 00398cam a22001337a 4500
008 - FIXED-LENGTH DATA ELEMENTS--GENERAL INFORMATION
fixed length control field 180718b1962 xxu||||| |||| 00| 0 eng d
082 ## - DEWEY DECIMAL CLASSIFICATION NUMBER
Classification number T2161x42 C23
100 ## - MAIN ENTRY--PERSONAL NAME
Personal name Carr, J.C.
245 ## - TITLE STATEMENT
Title History of the British steel industry
Statement of responsibility, etc. by J.C. Carr and W. Taplin
260 ## - PUBLICATION, DISTRIBUTION, ETC.
Place of publication, distribution, etc. Oxford
Name of publisher, distributor, etc. Blackwell
Date of publication, distribution, etc. 1962
300 ## - PHYSICAL DESCRIPTION
Extent xii, 632p.
650 ## - SUBJECT ADDED ENTRY--TOPICAL TERM
Topical term or geographic name entry element Steel industry and trade --Great Britain
700 ## - ADDED ENTRY--PERSONAL NAME
Personal name Taplin, W.
Holdings
Withdrawn status Lost status Damaged status Not for loan Permanent Location Current Location Date acquired Full call number Barcode Date last seen Price effective from Koha item type
        Indian Institute of Public Administration Indian Institute of Public Administration 1994-03-16 T2161x42 C23 30267 2018-07-21 2018-07-21 Book

Powered by Koha